Questions aléatoires de géographie - 14 - Statistiques

Statistiques générales
  • Ce quiz a été pris 109 fois
  • Le résultat moyen est 7 sur 15
Statistiques - réponses
Indice Réponse % Correct
Quel canal relie la Méditerranée et la mer rouge ? le canal de Suez
96%
La France est une république et la Jordanie est un Royaume. Quel titre décrit les pays comme Monaco ou le Liechtenstein ? principauté
78%
Quelle est la capitale du Limousin ? Limoges
70%
Quel est l'état américain le plus méridional ? Hawaï
57%
De quel golfe s'agit-il quand on parle de la "Guerre du Golfe" ? le Golfe Persique
57%
Quelle est la région d'origine de la polente et des crozets ? la Savoie
53%
Quelle est la seule théocratie du monde ? le Vatican
44%
Quel marais français abritant des loutres comprend la ville de Fontenay-le-Comte ? le marais poitevin
41%
Quel atoll déluré a été le théâtre d'essais atomiques des États-Unis ? l atoll de Bikini
32%
Comment s'appelle la péninsule du Danemark ? le Jutland
31%
Que mange l'aigle sur le drapeau du Mexique ? un serpent
27%
Quel célèbre delta est surnommé « Le Ventre de la vache » par ses habitants ? le delta du Nil
26%
Quel archipel autonome est connu pour sa chasse à la baleine traditionnel, le Grindadráp ? les îles Féroé
26%
Quelle île italienne est à mi-chemin entre la Corse et la Toscane ? l île d Elbe
26%
Quel passage étroit relie les deux continents américains ? l isthme de Panama
7%
Aucun quiz correspondant
Distribution des résultats
% des personnes avec chaque résultat
Percentile par nombre de réponses
Votre historique - résultats
Vous n’avez pas pris ce quiz